| 000 | 00838cam a2200229 4500 | ||
|---|---|---|---|
| 001 | WS119282 | ||
| 008 | 020809n 000 0 eng u | ||
| 035 | _a(Sirsi) u119282 | ||
| 110 |
_aCanadian Institute of Chartered Accountants _94329 |
||
| 245 | _aCanadian Institute of Chartered Accountants | ||
| 520 | _aWeb site for this Canadian body for chartered accountants including pages on accounting standards and benchmarking. | ||
| 650 | _aORGANISATION | ||
| 650 | _aCANADA | ||
| 650 | _aINTERNATIONAL | ||
| 650 | _aMANAGEMENT-BUSINESS MANAGEMENT-FINANCIAL MANAGEMENT-ACCOUNTING | ||
| 650 | _aACCOUNTING STANDARDS | ||
| 650 | _aBENCHMARKING | ||
| 650 |
_aValuation _96273 |
||
| 690 | _aPROPERTY-PROPERTY FINANCE AND INVESTMENT | ||
| 856 | 4 | 0 |
_uhttps://www.cica.ca _zView the website free of charge at www.cica.ca... |
| 942 | _n0 | ||
| 999 |
_c120164 _d120164 |
||